| 000 | 00000nam##2200000za#4500 |
| 001 | 9.694513 |
| 003 | CaOODSP |
| 005 | 20210624234143 |
| 007 | cr ||||||||||| |
| 008 | 150407|2007||||xxc|||||o f|0| 0 eng|d |
| 040 | |aCaOODSP|beng |
| 043 | |an-cn--- |
| 086 | 1 |aNH15-461/2007E-PDF |
| 110 | 2 |aCanada Mortgage and Housing Corporation. |
| 245 | 10|aShelter Enhancement Program 2007 evaluation plan |h[electronic resource] |
| 260 | |aOttawa - Ontario : |bCanada Mortgage and Housing Corporation |c2007. |
| 300 | |a25p.|btables |
| 500 | |aOn cover: Audit and Evaluation Services. |
| 590 | |a11-27-Supp|b2011-11-15 |
| 690 | 07|aFamily violence|2gcpds |
| 690 | 07|aFederal programs|2gcpds |
| 690 | 07|aHousing assistance|2gcpds |
| 690 | 07|aProgram assessment|2gcpds |
| 775 | 08|tProgramme d'amélioration des maisons d'hébergement, plan d'évaluation de 2007 |w(CaOODSP)9.638686 |
| 856 | 40|ahttp://publications.gc.ca|qPDF|s360 KB|uhttps://publications.gc.ca/collections/collection_2011/schl-cmhc/NH15-461-2007-eng.pdf |